Pokémon by Type Combinations #2 - Statistics

General Stats
  • This quiz has been taken 152 times
  • The average score is 18 of 28
Answer Stats
Answer % Correct
Pidgeot
99%
Fearow
91%
Staraptor
87%
Swellow
84%
Salazzle
82%
Trevenant
82%
Noctowl
81%
Unfezant
81%
Crustle
78%
Kommo-o
78%
Gourgeist
76%
Wigglytuff
71%
Toucannon
68%
Dodrio
67%
Alolan Sandslash
66%
Farfetch'd
63%
Armaldo
62%
Shuckle
62%
Braviary
53%
Chatot
51%
Decidueye
51%
Dhelmise
50%
Koraidon
50%
Brambleghast
49%
Iron Moth
44%
Squawkabilly
43%
Kleavor
42%
Sinistcha
38%
No matching quizzes found
Score Distribution
Percent of People with Each Score
Percentile by Number Answered
Your Score History
You have not taken this quiz